MDQL
is popping MORE tags! Check the
thread
!
Quizzes
Events
Quiz Creation
Community
Videos
Private Events
Remove Ads
Sign In
Join for FREE
Feedback
Dark Mode
Quiz Categories
Sports
Geography
Music
Movies
Television
Just For Fun
Miscellaneous
History
Literature
Language
Science
Gaming
Entertainment
Religion
Holiday
For Kids
Quiz Lab
Recent
Popular Today
Quiz Kudos Today
Editor Picks
Curator Picks
Quizzes by...
Day
Popularity
Type
Ratings
Length
Year
Community
Subscriptions
Recent Discussions
Orange Saloon
Badges
Playlists
Quests
Create
Leaderboards
Showdown
Live 5
Trivia Bingo
Activity
Puzzle Library
Sporcle Events
Private Events
Virtual Trivia
Globe League
Become a Host
Pub Owners
SporcleCon
Opinionation
Our Games
Videos
Blog
Mobile Apps
Partnerships
Remove Ads and Go Orange
Feedback
Sports
Athletes
MLB
NBA
NHL
NFL
Soccer
Sports Teams
WWE
NCAA
Football
Premier League
Basketball
Baseball
Hockey
Golf
Tennis
Cricket
Rugby
Auto Racing
Olympics
World Cup
Sports
Athletes
MLB
NBA
NHL
NFL
Soccer
Sports Teams
WWE
NCAA
Football
Premier League
Basketball
Baseball
Hockey
Golf
Tennis
Cricket
Rugby
Auto Racing
Olympics
World Cup
Random Quiz
Search Sporcle
×
Quiz Lab
Quiz Lab
Sports
Golf
Type in answers that appear in a list
Type in answers that appear in a list
Classic
Best Score? Go Orange.
WM Phoenix Open Winners (PGA TOUR) Stats
Can you name the WM Phoenix Open Winners?
By
JacktheAttack
10m
86 Questions
152 Plays
152 Plays
152 Plays
Comments
Comments
Give Quiz Kudos
Give Quiz Kudos
-
- Ratings
hide this ad
Replay
Link that replays current quiz
Next Quiz
Link to next quiz in quiz playlist
You Got
0%
They Got
Avg Score
45%
Avg Friend Score
Upgrade to see
Score Distribution
Jump to the score distribution portion of the page
Score
0/86
Timer
10:00
0
Plays Today
Year
Golfer
% Correct
1996
Phil Mickelson
96.1%
2005
Phil Mickelson
96.1%
2013
Phil Mickelson
96.1%
2022
Scottie Scheffler
91%
2023
Scottie Scheffler
90.9%
1964
Jack Nicklaus
88.8%
1961
Arnold Palmer
86.8%
1962
Arnold Palmer
86.8%
1963
Arnold Palmer
86.8%
2021
Brooks Koepka
86.7%
2019
Rickie Fowler
85.3%
2020
Webb Simpson
78.2%
1946
Ben Hogan
75%
1947
Ben Hogan
75%
1939
Byron Nelson
73%
1945
Byron Nelson
73%
2016
Hideki Matsuyama
73%
2017
Hideki Matsuyama
71.4%
1974
Johnny Miller
69.7%
1975
Johnny Miller
69.7%
1995
Vijay Singh
67.8%
2003
Vijay Singh
67.8%
2024
Nick Taylor
66.7%
2015
Brooks Koepka
64.5%
2014
Kevin Stadler
63.2%
1997
Steve Jones
61.8%
1957
Billy Casper
61.2%
1987
Paul Azinger
60.5%
1989
Mark Calcavecchia
59.2%
Year
Golfer
% Correct
1992
Mark Calcavecchia
59.2%
2001
Mark Calcavecchia
59.2%
2006
J. B. Holmes
57.2%
2008
J. B. Holmes
57.2%
2018
Gary Woodland
54.3%
1979
Ben Crenshaw
50.7%
2009
Kenny Perry
50.7%
2010
Hunter Mahan
50.7%
2000
Tom Lehman
50%
1977
Jerry Pate
49.3%
1986
Hal Sutton
48.7%
1956
Cary Middlecoff
46.7%
1981
David Graham
45.4%
1949
Jimmy Demaret
44.1%
1950
Jimmy Demaret
44.1%
1985
Calvin Peete
43.4%
1955
Gene Littler
42.8%
1959
Gene Littler
42.8%
1969
Gene Littler
42.8%
1967
Julius Boros
40.8%
1982
Lanny Wadkins
40.8%
2002
Chris DiMarco
39.5%
2012
Kyle Stanley
39.5%
1993
Lee Janzen
38.8%
2011
Mark Wilson
38.8%
1988
Sandy Lyle
36.2%
1932
Ralph Guldahl
34.9%
1952
Lloyd Mangrum
33.6%
1953
Lloyd Mangrum
33.6%
Year
Golfer
% Correct
1999
Rocco Mediate
33.6%
1990
Tommy Armour III
32.2%
1958
Ken Venturi
31.6%
2007
Aaron Baddeley
29.6%
1998
Jesper Parnevik
28.9%
1971
Miller Barber
27.6%
1978
Miller Barber
27.6%
1983
Bob Gilder
27%
1954
Ed Furgol
27%
1960
Jack Fleck
27%
1976
Bob Gilder
27%
1951
Lew Worsham
26.3%
1948
Bobby Locke
25.7%
1933
Harry Cooper
25%
1994
Bill Glasson
25%
2004
Jonathan Kaye
25%
1973
Bruce Crampton
23.7%
1935
Ky Laffoon
23%
1940
Ed Oliver
22.4%
1984
Tom Purtzer
22.4%
1944
Jug McSpaden
21.7%
1966
Dudley Wysong
21.7%
1970
Dale Douglass
21.7%
1972
Homero Blancas
21.1%
1968
George Knudson
19.7%
1991
Nolan Henke
19.7%
1980
Jeff Mitchell
18.4%
1965
Rod Funseth
17.8%
Quiz Playlist
Details
Report
Send in Message
Add To Playlist
Classic:
Type in answers that appear in a list
Last Updated: Feb 7, 2024
Quiz Scoreboard
CHALLENGE
Sign Up to Join the Scoreboard
Show All
Scores
Hide
Comments
May contain spoilers
Recently Published
Image Sorting: Flags VI
by Barbecue
Geography
2m
Find the 'City' Movie
by crazypaving
Movies
60s
Colored Red Africa Blitz
by spor1
Geography
45s
More to Explore
Quiz From the Vault
Featured Blog Post
14 Easter Pick-up Lines to Find Eggs With
hide this ad
You Might Also Like...
Tags
Golf Quiz
Management
open
PGA
Phoenix
score
Waste
Winner
Today's Top Quizzes in Sports
Browse Sports
hide this ad
Today's Top Quizzes in Golf
Browse Golf
Top Contributed Quizzes in Sports
1
Les meilleurs buteurs des matchs entre le PSG et l’OM
2
Les entraîneurs de l'OM et du PSG au 21e siècle
3
Les joueurs passés par le PSG et l'OM
4
2022 World Cup Stars
5
Players with Multiple 50 Home Run Seasons
6
Criteria MLB: Left Handed Sluggers
7
Les joueurs passés par le LOSC et le RC Lens
8
NBA Logic Puzzle 2.0
9
MLB Players with Two .350 Batting Average Seasons
10
FIFA Club World Cup Champions
Explore More
Trending Topics
Harry Potter
Crossword
Marvel
Kpop
Anime
NBA
Disney
Pokémon
Song
Soccer
WWE
The Office
Country
Puzzle
NFL
hide this ad
More By:
JacktheAttack
Quiz
Plays
Rating
Category
Featured
Created
The American Express Winners (PGA TOUR)
62
Sports
May 16, 2016
Dragon Ball Villains (DB/DBZ/DB:GT)
2,135
2.57
Television
Jul 21, 2010
Oakland Raiders History
1,127
2.25
Sports
Jul 16, 2010
IGN's Top 125 Nintendo Games
541
4.11
Gaming
Oct 11, 2014
THE PLAYERS Championship Winners (PGA TOUR)
535
Sports
Apr 28, 2016
Top Selling Video Games of the 2000's
517
2.20
Gaming
Jul 20, 2010
Go to Creator's Profile
Score Distribution
Quiz Creator Spotlight
JacktheAttack
Follow
Send a Message
Quizzes Created
-
Created Quiz Play Count
-
More By This Creator
Popular Quizzes Today
1
Colored Red Africa Blitz
2
Find the US States - No Outlines Minefield
3
Find the 'City' Movie
4
5x2 Blitz: Bands
5
The Countries of the World
6
Find the US States
7
Find the Countries of Europe - No Outlines Minefield
8
US States
More Sports Quizzes
Los Angeles Rams Yearly Receiving Leaders
Quiz Lab
Trending Quizzes
Colored Red Europe Blitz I
Colored Red Europe Blitz II
Colored Red Africa Blitz II
Colored Red Europe Blitz III
Colored Red Africa Blitz III
Recently Updated
How Do You Spell That?
pecheneg
Godzilla Movies
pecheneg
Grab Bag: 4-10 Letters
pecheneg
2024 March Madness Bracket
pecheneg
Famous TV Couples
Peacemaker
Champions League XIs: Real Madrid
pecheneg
Largest US Cities 1790-2010
pecheneg
Rides in Walt Disney World
pecheneg
Most Oscar Losses (Acting)
pecheneg
Beyoncé Albums
pecheneg
Trending Topics
Kpop
Anime
NBA
Marvel
Crossword
Harry Potter
Disney
WWE
The Office
Song
NFL
Country
Puzzle
Pokémon
Soccer
Your Account Isn't Verified!
In order to create a playlist on Sporcle, you need to verify the email address you used during registration. Go to your
Sporcle Settings
to finish the process.
Report this User
Report this user for behavior that violates our
Community Guidelines
.
Details:
Send Report
Go to the Sporcle.com Mobile Site →
Comments